000 00577nam a2200181Ia 4500
008 151202s9999||||xx |||||||||||||| ||und||
082 _bPNVM-53238
100 _aघाटे उज्वला.
245 _aपुन्हा एकदां.
260 _b"प्रंपच प्रकाशन,पुणे."
260 _c1986
300 _a128
600 _aघाटे उज्वला.
630 _aपुन्हा एकदां.
700 _aघाटे उज्वला.
730 _aपुन्हा एकदां.
942 _cBOOK
999 _c1319777
_d1319774